Исследование памятников эпохи палеолита (Запись № 10806583)

Подробности
000 -МАРКЕР
контрольное поле 01526nam0a2200313 i 4500
001 - ИДЕНТИФИКАТОР ЗАПИСИ
контрольное поле RU\NLR\BIBL_A\010967911
005 - ИДЕНТИФИКАТОР ВЕРСИИ
контрольное поле 20260407121804.0
010 ## - МЕЖДУНАРОДНЫЙ СТАНДАРТНЫЙ НОМЕР КНИГИ (ISBN)
Номер (ISBN) 9785943751424
Тираж 300
021 ## - НОМЕР ГОСУДАРСТВЕННОЙ РЕГИСТРАЦИИ
Код страны российская федерация
Номер 2015-103000
Номер Листа государственной регистраци 6423
035 ## - ДРУГИЕ СИСТЕМНЫЕ НОМЕРА
Идентификатор записи (NLR Aleph) 010967911
100 ## - ДАННЫЕ ОБЩЕЙ ОБРАБОТКИ
Данные общей обработки 20160201d2012 k y0rusy50 ca
101 0# - ЯЗЫК РЕСУРСА
Язык текста, звукозаписи и т.д. русский
102 ## - СТРАНА ПУБЛИКАЦИИ ИЛИ ПРОИЗВОДСТВА
Страна публикации российская федерация
105 ## - ПОЛЕ КОДИРОВАННЫХ ДАННЫХ: ТЕКСТОВЫЕ МАТЕРИАЛЫ, МОНОГРАФИЧЕСКИЕ
Кодированные данные о монографическом текстовом документе ab||z|||000yy
200 1# - ЗАГЛАВИЕ И СВЕДЕНИЯ ОБ ОТВЕТСТВЕННОСТИ
Основное заглавие Исследование памятников эпохи палеолита
Сведения, относящиеся к заглавию [сборник статей]
Первые сведения об ответственности Рос. акад. наук, Ин-т археологии
Последующие сведения об ответственности [отв. ред.: д.и.н. Н. Б. Леонова и др.]
210 ## - ПУБЛИКАЦИЯ, РАСПРОСТРАНЕНИЕ И ДР.
Место издания, распространения и т.д. Москва
Имя издателя, распространителя и т. д. ИА РАН
Дата издания, распространения и т.д. 2012
215 ## - ФИЗИЧЕСКАЯ ХАРАКТЕРИСТИКА
Специфическое обозначение материала и объем 77, [2] с.
Другие сведения о физической характеристике ил., цв. ил., карт.
Размеры 22
225 1# - СЕРИЯ
Основное заглавие серии Методика полевых археологических исследований
Сведения об ответственности редкол.: чл.-корр. РАН П.Г.Гайдуков (пред.) [и др.]
Обозначение тома вып. 7
320 ## - ПРИМЕЧАНИЯ О НАЛИЧИИ В ДОКУМЕНТЕ БИБЛИОГРАФИИ / УКАЗАТЕЛЯ
Текст примечания Библиогр. в конце ст.
606 1# - НАИМЕНОВАНИЕ ТЕМЫ КАК ПРЕДМЕТ
Наименование темы Археология
Формальный подзаголовок Сборники
Тематический подзаголовок Методы исследования
Системный номер авторитетной/нормативной записи 1020306
Идентификатор авторитетной/нормативной записи RU\NLR\AUTH\6672074
675 ## - УНИВЕРСАЛЬНАЯ ДЕСЯТИЧНАЯ КЛАССИФИКАЦИЯ (UDC/УДК)
Индекс 902/904
686 1# - ИНДЕКСЫ ДРУГИХ КЛАССИФИКАЦИЙ
Индекс Т4с3я43
702 #1 - ИМЯ ЛИЦА - ВТОРИЧНАЯ ОТВЕТСТВЕННОСТЬ
Код отношения Редактор
Материалы, к которым относится поле rus
Графика поля Кириллица
Начальный элемент ввода Леонова
Часть имени, кроме начального элемента ввода Н. Б.
Дополнения к именам, кроме дат д-р ист. наук
Даты 1944-
Расширение инициалов личного имени Наталия Борисовна
Идентификатор авторитетной/нормативной записи RU\NLR\AUTH\7751780
Системный номер авторитетной/нормативной записи 34713
712 02 - НАИМЕНОВАНИЕ ОРГАНИЗАЦИИ - ВТОРИЧНАЯ ОТВЕТСТВЕННОСТЬ
Код отношения Прочие
Начальный элемент ввода Институт археологии
Идентифицирующий признак Москва
Идентификатор авторитетной/нормативной записи RU\NLR\AUTH\889957087
Системный номер авторитетной/нормативной записи 410279
942 ## - ДОПОЛНИТЕЛЬНЫЕ ЭЛЕМЕНТЫ ЗАПИСИ (АБИС)
Тип экземпляра АБИС Книга
980 ## - КОЛЛЕКЦИЯ
Название коллекции НБР

Нет доступных экземпляров.